Città italiane dalla sua Piazza - Statistics

Statistiche generali
  • Questo quiz è stato fatto 95 volte
  • Il punteggio medio è 8 su 12
Statistiche sulle risposte
con Immagini Risposta % Corretto
Roma
98%
Napoli
95%
Siena
90%
Firenze
85%
Bologna
83%
Torino
62%
Genova
55%
Trieste
55%
Perugia
45%
Arezzo
35%
Brescia
33%
Siracusa
24%
Nessun quiz corrispondente trovato
Distribuzione punteggi
Percentuale di utenti per punteggio
Percentile per numero di risposta
I tuoi punteggi nel tempo
Non hai fatto questo quiz